00000000nam##2200000za#4500
0019.619135
003CaOODSP
00520210615103302
007ta
008150406|2007||||xxc|||||     f|0| 0 eng|d
040 |aCaOODSP|beng
043 |an-cn---
0861 |aNH18-24/54-2007E
1102 |aCanada Mortgage and Housing Corporation.
24510|aUnderstanding your new home sales contract
260 |bCanada Mortgage and Housing Corporation |cc2004, revised 2007.
300 |a11, [1]p. : |btables ; |c28 cm.
4901 |aAbout your house |vCE54
563 |aPamphlet
590 |a08-48|b2008-11-28
77508|tComprendre le contrat de vente de votre maison neuve |w(CaOODSP)9.628089
7760#|tUnderstanding your new home sales contract |w(CaOODSP)9.565204
830#0|aAbout your house ;|vCE54|w(CaOODSP)9.514828
986 |a63492